Ulice Suwałk z literą "F" w nazwie - Statystyki

Ogólne statystyki
  • Ten quiz został rozwiązany 15 razy
  • Średni wynik to 3 z 6
Statystyki odpowiedzi
Typ Nazwa % Poprawnych
Ulica Falka
71%
Ulica Franciszkańska
71%
Ulica Filipowska
64%
Ulica Francuska
50%
Rondo Rondo Ofiar Obławy Augustowskiej w Lipcu 1945 roku na Suwalszczyźnie
7%
Ulica Szafirowa
7%
Nie znaleziono quizów pasujących do podanych kryteriów
Rozkład punktacji
Procent ludzi z każdym wynikiem
Percentyl według liczby udzielonych odpowiedzi
Twoja historia wyników
Nie rozwiązałeś tego quizu